000 00351nam a22001457a 4500
003 MACL
005 20191201160445.0
008 191201b xxu||||| |||| 00| 0 eng d
040 _c MACL
100 _aSharma, Devendra Kumar
_977404
245 _aVeer Savarkar
260 _aDelhi
_bNisha Pub
_c2018
650 _aBiography
_977405
942 _2ddc
_cBK
999 _c61484
_d61484